| 000 | 00332 a2200133 4500 | ||
|---|---|---|---|
| 082 | _a659.1 | ||
| 090 |
_c6797 _d6797 |
||
| 100 | _aKey,Wilson Bryan | ||
| 245 |
_aSubliminal Seduction. _cWilson Bryan Key |
||
| 260 |
_aAmerica _bNew American Library _c1972 |
||
| 300 | _a205p. | ||
| 500 | _aPaper cover | ||
| 942 |
_aNBS _cBK _k659.1 KEY |
||
| 999 |
_c349139 _d349139 |
||